Datum a čas kvízu
19.5
Celkem bodů
Celkový počet nahraných bodů na tomto kvízu bez doplňovacích otázek.
9.
Pořadí na kvízu
Konečné umístění týmu na tomto kvízu.
Zaznamenané odpovědi
| # | Otázka | Odpověď | Body | Výsledky |
|---|---|---|---|---|
| 1. | Krátce po sobotním poledni vyj... | z Malešic | 0 | |
| 2. | Které oblečení zakázal severok... | A | 0 | |
| 3. | Minulý týden jsme se dozvěděli... | Iva Pazderková | 0 | |
| 4. | Jen pár hodin po uvedení na tr... | o pivo | 0 | |
| 5. | Minulý týden se v Paříži udělo... | posedmé | 1 | |
| 6. | Po slavných psech a koních při... | Francie | 0 | |
| 7. | Kocoura na obrázku můžeme znát... | Sylvester | 1 | |
| 8. | Ve Spojeném království jsou ko... | myšilov | 0 | |
| 9. | Neopomeneme ani slavné literár... | Hunger Games | 1 | |
| 10. | Téma slavných koček zakončíme... | Bastet (též Baset, Baast, Ubaste) | 1 |